El sistema nacional de áreas protegidas en Argentina : the Argetinian national system of protected areas /
Guardado en:
| Autor Principal: | |
|---|---|
| Formato: | Desconocido |
| Idioma: | Spanish |
| Publicado: |
Ciudad Autónoma de Buenos Aires :
Jusbaires,
2016.
|
| Edición: | 1a. ed. |
| Series: | Colección doctrina
|
| Materias: | |
| Etiquetas: |
Agregar Etiqueta
Sin Etiquetas, Sea el primero en etiquetar este registro!
|
| LEADER | 00680nac a22001935a 4500 | ||
|---|---|---|---|
| 001 | DER.der013993 | ||
| 008 | 190906i2016####ag#||||||||||||||#||spa|| | ||
| 005 | 20240304085656.0 | ||
| 245 | 1 | 0 | |a El sistema nacional de áreas protegidas en Argentina : |b the Argetinian national system of protected areas / |c Marcelo A. López Alfonsín. |
| 250 | |a 1a. ed. | ||
| 260 | |a Ciudad Autónoma de Buenos Aires : |b Jusbaires, |c 2016. | ||
| 300 | |a 125 p. | ||
| 490 | 1 | |a Colección doctrina | |
| 020 | |a 9789873690990 | ||
| 100 | 1 | |a López Alfonsín, Marcelo A. | |
| 650 | 7 | |a DERECHO AMBIENTAL | |
| 650 | 7 | |a PARQUES NACIONALES | |
| 650 | 7 | |a DERECHO COMPARADO | |
| 859 | |a DERECHO |b BIB. DERECHO |h 344.046 |i LOP |p 009193 | ||
